000 00405nam a2200181Ia 4500
005 20250603145701.0
008 250603s9999 xx 000 0 und d
020 _a9789386053718
050 _aHT 421 .C43/
100 _aChaudhary, Anjana
245 0 _aRural sociology
260 _aNew Delhi
260 _bWisdom Press
260 _c2018
300 _a211 p
650 _aNew Delhi
942 _cBK
999 _c42550
_d42550